01468nam a2200409 i 450000100060000000300090000600500170001500800410003204000360007304100070010904600090011608000130012508000100013808000100014808000120015824501990017024600530036926000260042230000100044833600270045833700540048533800280053938000160056738800140058338800140059749000860061165000190069765000280071665000200074465000090076465500150077365800280078865800300081671000280084683000860087485600980096038704KOSZ 00520230109124106.0010111s1990 pl f |000 0 pol d cKOSZ 005aKOSZ 005dKOSZ 005/HR1 apl k1990 a664.8/.9 a637.5 a005.6 a(083.1) 0aRyby mrożone :bzalecany międzynarodowy kodeks dobrej praktyki : CAC/RCP 16-1978 /c[przekł.], oprac. i przygot. Morski Instytut Rybacki - Zakład Technologii i Mechanizacji Przetwórstwa.30aZalecany międzynarodowy kodeks dobrej praktyki aGdynia :bMIR,c1992. c30 cm 2rdacontentaTekstbtxt 2rdamediaaBez urządzenia pośredniczącegobn 2rdacarrieraWoluminbnc aKsiążki a1901-2000 a1989-20001 aWspólny Program Standaryzacji Żywności FAO/WHO / Komisja Codex Alimentarius 7aDobre praktyki 7aJakość żywności 7aPrzemysł rybny 7aRyby 7aInstrukcja aRolnictwo i leśnictwo aZarządzanie i marketing2 aMorski Instytut Rybacki 0aWspólny Program Standaryzacji Żywności FAO/WHO (Komisja Codex Alimentarius) uhttp://koha.tu.koszalin.pl/cgi-bin/koha/opac-detail.pl?biblionumber=38704yKatalog online BPK